Investice do nemovitostí určené nejen pro seniory

Príspevok poukazuje na niekteré podnikateľské a investičné možnosti spojené s investíciami do nehnuteľností, určené nielen pre seniorov, ktoré sa objavujú na trhu v Českej republike. Populačné zmeny v ČR, investičný potenciál. Investovanie do nehnuteľností a zariadení nielen pre seniorskú populáciu.

Na minha lista:
Detalhes bibliográficos
Autor principal: Novotný, Josef
Formato: Capítulo de Livro
Idioma:tcheco
Assuntos:
Tags: Adicionar Tag
Sem tags, seja o primeiro a adicionar uma tag!

MARC

LEADER 00000nla a2200000 4500
001 0199971
005 20240417075056.3
041 0 |a cze 
044 |a CZ 
245 1 0 |a Investice do nemovitostí určené nejen pro seniory  |c Josef Novotný 
520 |a Príspevok poukazuje na niekteré podnikateľské a investičné možnosti spojené s investíciami do nehnuteľností, určené nielen pre seniorov, ktoré sa objavujú na trhu v Českej republike. Populačné zmeny v ČR, investičný potenciál. Investovanie do nehnuteľností a zariadení nielen pre seniorskú populáciu. 
610 2 0 |a seniori 
610 2 0 |a investovanie 
610 2 0 |a nehnuteľnosti 
610 2 0 |a penzióny 
610 2 0 |a Česko 
100 1 |a Novotný, Josef